000 00865nam a22003257a 4500
001 BR7908631
003 BR-BrBNA
005 20230928090403.0
007 ta
008 230509b bl.||||| |||| 00| 0 por d
040 _aBR-BrBNA
_bpor
_cBiblioteca Nacional de Agricultura
041 _a(Por)
072 _aF00
_b0120
_b0170
090 _ 0120 BR7908631
110 1 _aFundacao Educacional Padre Landell de Moura, Porto Alegre, RS (Brasil)
_94881
245 1 _aManual da cultura do milho e sorgo [pratica cultural]
260 3 _aPorto Alegre, RS (Brasil):
_c1979.
300 _a90 p.
500 _a20 illus.
650 _aMILHO
650 _aSORGO
650 _aSOLO
650 _aMANEJO
650 _aADUBACAO
650 _aDEFESA VEGETAL
650 _aCOLHEITA
650 _aRENDIMENTO
909 _a202309
_bLucia
_c55
_dLucia Elande
942 _cBK
999 _c28652
_d28652